Tennis - ATP saison 2023 champions - Statistiques

Statistiques générales
  • Ce quiz a été pris 220 fois
  • Le résultat moyen est 10 sur 17
Statistiques - réponses
Tournois catégorie Champion % Correct
Adelaide International 1 (Adélaïde, AUS) ATP 250 Novak Djokovic
99%
Australian Open (Melbourne, AUS) grand chelem Novak Djokovic
99%
Argentina Open (Buenos Aires, ARG) ATP 250 Carlos Alcaraz
94%
ABN AMRO Open (Rotterdam, NLD) ATP 500 Daniil Medvedev
87%
Qatar Exxonmobil Open (Doha, QAT) ATP 250 Daniil Medvedev
87%
Dubaï Duty Free Tennis Championships (Dubaï, ARE) ATP 500 Daniil Medvedev
87%
Open Sud de France-Montpellier (Montpellier, FRA) ATP 250 Jannik Sinner
71%
Delray Beach Open (Delray Beach, USA) ATP 250 Taylor Fritz
62%
Rio Open presented by Claro (Rio de Janeiro, BRA) ATP 500 Cameron Norrie
57%
ASB Classic (Auckland, AUS) ATP 250 Richard Gasquet
47%
Abierto Mexicano Telcel presentado por HSBC (Acapulco, MEX) ATP 500 Alex de Minaur
41%
Open 13 Provence (Marseille, FRA) ATP 250 Hubert Hurkacz
37%
Córdoba Open (Córdoba, ARG) ATP 250 Sebastián Báez
34%
Movistar Chile Open (Santiago, CHL) ATP 250 Nicolás Jarry
33%
Tata Open Maharashtra (Pune, IND) ATP 250 Tallon Griekspoor
27%
Dallas Open (Dallas, USA) ATP 250 Wu Yibing
15%
Adelaide International 2 (Adélaïde, AUS) ATP 250 Kwon Soon-woo
12%
Aucun quiz correspondant
Distribution des résultats
% des personnes avec chaque résultat
Percentile par nombre de réponses
Votre historique - résultats
Vous n’avez pas pris ce quiz